| 000 | 00639nam a2200217Ia 4500 | ||
|---|---|---|---|
| 003 | OSt | ||
| 005 | 20240612152716.0 | ||
| 008 | 210210b2003 xxu||||| |||| 00| 0 eng d | ||
| 020 | _a81 7713 154 0 | ||
| 040 | _cAL | ||
| 041 | _aKannada | ||
| 082 | _aK894.8 SISA | ||
| 100 |
_aSISU SANGAMESHA. _dಸಿಸು ಸಂಗಮೇಶ _9170309 |
||
| 245 |
_aAyda makkala sahitya. _bಆಯ್ದ ಮಕ್ಕಳ ಸಾಹಿತ್ಯ. |
||
| 260 |
_aBengaluru _bKannada Pustaka Pradhikara _c2003 |
||
| 300 | _axiv,577 | ||
| 650 |
_aMakkala sahitya _9170310 |
||
| 690 |
_aKannada Miscellaneous _9170311 |
||
| 906 | _aSG04017 | ||
| 942 |
_2ddc _cBK |
||
| 999 |
_c114666 _d114666 |
||